Manual completo del encuadernador: teórico y práctico. Descripción de las máquinas y procedimientos modernos y antiguos
Gespeichert in:
| 1. Verfasser: | |
|---|---|
| Format: | Buch |
| Sprache: | Spanisch |
| Veröffentlicht: |
Valladolid
Maxtor
2015
|
| Ausgabe: | 4a. ed |
| Schlagworte: | |
| Tags: |
Tag hinzufügen
Keine Tags, Fügen Sie den ersten Tag hinzu!
|
MARC
| LEADER | 00000cam a2200000 a 4500 | ||
|---|---|---|---|
| 001 | UCC3845 | ||
| 003 | CL-VaPUC | ||
| 008 | 180622e20150000sp |||||||||||||||||spa|d | ||
| 020 | |a 9788490014868 | ||
| 082 | 0 | 4 | |a 686.303 |b SAB |2 21 |
| 100 | 0 | |a Sabrel, M |e author |9 597962 | |
| 245 | 1 | 0 | |a Manual completo del encuadernador: teórico y práctico. Descripción de las máquinas y procedimientos modernos y antiguos |
| 250 | |a 4a. ed | ||
| 300 | |a 272 p | ||
| 942 | |c BK | ||
| 945 | |d 20180622 13:48:00 |a dcastane | ||
| 260 | |a Valladolid |b Maxtor |c 2015 | ||
| 500 | |a Edición facsímil de la cuarta edición del año 1911 | ||
| 650 | 0 | |a Encuadernación |9 372733 | |
| 650 | 0 | |a Historia del libro |9 466246 | |
| 650 | 7 | |a RESTAURACION |2 CL-VaPUC |9 411453 | |
| 650 | 0 | |a Libros |9 334511 | |
| 583 | |a last modification |c 20180622 13:48:00 |k Rodrigo Vera | ||
| 999 | |c 371513 |d 371511 | ||
| 952 | |0 0 |1 0 |3 erb |4 0 |6 686_303000000000000_SAB_2015 |7 0 |8 A |9 488519 |a BIBARQ |b BIBARQ |i 547633K |o 686.303 SAB 2015 |p 547633K |r 2025-01-20 |w 2019-11-24 |y BK |z Catalogado en:20180622 |k ARQ | ||